TV Show Actors who became Movie Stars - Statistics

General Stats
  • This quiz has been taken 71 times
  • The average score is 6 of 7
Answer Stats
Hint Answer % Correct
The Fresh Prince of Bel-Air (1990-1996) NBC Movies Bad Boys (1995) Independence Day (1996) Men in Black (1997) Ali (2001) King Richard (2021) Will Smith
98%
Friends (1994-2004) NBC Movies Office Space (1999) Bruce Almighty (2003) Marley and Me (2008) Horrible Bosses (2011) We’re the Millers (2013) Jennifer Aniston
97%
21 Jump Street (1987-1990) Fox, (1990-1991) Syndication Movies Edward Scissorhands (1990) What’s Eating Gilbert Grape (1993) Ed Wood (1994) Donnie Brasco (1997) Pirates of the Caribbean: The Curse of the Black Pearl (2003) Johnny Depp
94%
ER (1994-2009) NBC Movies From Dusk till Dawn (1996) Batman & Robin (1997) Ocean’s Eleven (2001) Syriana (2005) Gravity (2013) George Clooney
89%
In Living Color (1990-1994) Fox Movies Ray (2004) Collateral (2004) Miami Vice (2006) Django Unchained (2012) Baby Driver (2017) Jamie Foxx
79%
Parks and Recreation (2009-2015) NBC Movies Lego Movie (2014) Guardians of the Galaxy (2014) Jurassic World (2015) Avengers: Infinity War (2018) Avengers: Endgame (2019) Chris Pratt
76%
Cheers (1982-1993) NBC Movies White Men Can’t Jump (1992) Natural Born Killers (1994) The People vs Larry Flynt (1996) No Country for Old Men (2008) Three Billboards Outside Ebbing, Missouri (2017) Woody Harrelson
76%
No matching quizzes found
Score Distribution
Percent of People with Each Score
Percentile by Number Answered
Your Score History
You have not taken this quiz